Statistiche per Paesi dell'Africa

Clicka qui per fare il quiz!

Statistiche generali

  • Questo quiz è stato fatto 13.475 volte
  • Il punteggio medio è 40 su 54

Risposte nella Mappa

Le risposte nella mappa del quiz sottostante sono codificate secondo una scala di colori dal rosso al verde in base alla % di persone che hanno risposto correttamente.
 

Statistiche sulle risposte

nazione% Corretto
Egitto
97%
Marocco
97%
Algeria
95%
Sudafrica
95%
Tunisia
94%
Libia
93%
Madagascar
93%
Rep Dem Congo
93%
Repubblica
del Congo
93%
Niger
90%
Etiopia
87%
Sudan
87%
Nigeria
85%
Somalia
85%
Eritrea
83%
Senegal
80%
Kenya
79%
Ciad
77%
Mali
77%
Côte d'Ivoire
76%
Guinea
76%
Angola
75%
Ghana
74%
Sud Sudan
74%
Mauritania
73%
Tanzania
71%
Zambia
70%
Zimbabwe
70%
Burundi
69%
Cabo Verde
69%
Camerun
69%
Togo
69%
Lesotho
68%
Mozambico
67%
Uganda
67%
Burkina Faso
66%
Namibia
66%
Repubblica
Centrafricana
66%
Botswana
65%
Liberia
65%
Guinea Equatoriale
63%
Ruanda
62%
Sierra Leone
62%
Benin
61%
Guinea-Bissau
61%
Seychelles
60%
Malawi
59%
Mauritius
59%
Gambia
58%
Swaziland
57%
Gabon
56%
Gibuti
56%
Comoros
48%
Sao Tome e Principe
47%

Distribuzione punteggi

Percentile per numero di risposta

Percentuale di utenti per punteggio

I tuoi punteggi nel tempo

Non hai fatto questo quiz